000 00820nab a2200253 u 4500
001 11345
003 HDC
007 cr bn ---aaaaa
008 210207b2015mmddmy d||no |||| 00| 0 eng d
040 _aHDC
245 0 _aM'sia able to provide range of halal services /
_cThe Star Online
260 _aMalaysia:
_bStar Media Group,
_c2015
300 _a1 online resource
336 _atext
_2rdacontent
337 _acomputer
_2rdamedia
338 _aonline resource
_2rdacarrier
650 _aHalal industry
_zMalaysia
_9204
650 _aTrade
_94755
710 _aThe Star Online
856 _zRequest full-text at [email protected]
942 _2lcc
942 _cNEWS
942 _kNWSO 000652
999 _c8668
_d8668